[Event "Moscow Petrosian Memorial"]
[Site "Moscow"]
[Date "2014.11.10"]
[Round "6"]
[White "Kramnik, Vladimir"]
[Black "Morozevich, Alexander"]
[Result "1-0"]
[WhiteElo "2760"]
[BlackElo "2724"]
[Annotator "Postny,E"]
[PlyCount "67"]
[EventDate "2014.11.04"]
[EventType "tourn"]
[EventRounds "7"]
[EventCountry "RUS"]
[EventCategory "20"]
[SourceTitle "CBM 164"]
[Source "ChessBase"]
[SourceDate "2015.01.15"]
[SourceVersion "1"]
[SourceVersionDate "2015.01.15"]
[SourceQuality "1"]

1. d4 Nf6 2. c4 e6 3. Nf3 Bb4+ 4. Nbd2 O-O 5. e3 {This is a quiet alternative.}
(5. a3 {is the main and, objectively, more ambitious line.}) 5... b6 (5... d5 {
is more common. Later on Black can develop in the spirit of the Classical
Queen's Gambit. Here is a recent example:} 6. a3 Be7 7. Bd3 c5 8. dxc5 a5 9.
Rb1 Bxc5 10. O-O Nc6 11. Qc2 Qe7 12. cxd5 exd5 13. e4 h6 $1 14. exd5 Nxd5 $11 {
0-1 (44) Bogdanovich,S (2590)-Kuzubov,Y (2661) Lvov 2014}) 6. Bd3 c5 ({A few
days later the same players continued the dispute in the Tal Memorial, which
was a blitz event this year:} 6... Bb7 7. O-O d5 8. a3 Bd6 9. b4 dxc4 10. Nxc4
Nbd7 11. Bb2 Ne4 12. Qe2 f5 13. Nfe5 Bxe5 14. dxe5 Qe7 15. Rac1 Rfd8 16. f3 Ng5
17. Rfd1 $14 {1-0 (61) Kramnik,V (2760)-Morozevich,A (2724) Sochi 2014}) 7. a3
Bxd2+ 8. Bxd2 Bb7 9. dxc5 {White decided to determine the structure in the
centre. Instead, short castling looks more natural, but Vladimir has a
different idea in mind.} bxc5 10. Bc3 d6 {White has a pair of good bishops,
but Black's position is flexible.} 11. Qc2 Nbd7 12. O-O-O $5 $146 {That's a
new approach in this position! The engine doesn't approve of this choice.
However, from the human point of view, it makes sense to hide the king on the
opposite side, so that White could attack on the kingside. For this purpose
White has to be in an aggressive mood and that was exactly the case in the
current game.} (12. Rd1 Qe7 13. O-O a5 14. e4 e5 15. Nh4 g6 16. g3 Nb8 17. f4
Nc6 $11 {[%csl Gd4][%cal Gc6d4] 0-1 (58) Vocaturo,D (2582)-Vitiugov,N (2737)
Caleta 2014}) 12... Qe7 ({After} 12... h6 {White can go} 13. h4 {and then put
the knight on g5, as in the game.}) 13. Ng5 h6 14. h4 Ne5 $5 {Perhaps too
provocative.} (14... Bxg2 $6 {An engine might capture such a pawn and coolly
defend after} 15. Rhg1 Bc6 {but, hardly any human would dare to try it.}) (
14... hxg5 $2 {is suicide, of course.} 15. hxg5 $18 {[%csl Rg8]}) (14... Rfd8 {
was a logical alternative. Black should meet White's flank attack with
counterplay in the centre. For instance:} 15. f4 d5 $132) 15. Bh7+ {White
should avoid exhanging either of his bishops.} Kh8 16. f4 Neg4 (16... Nxc4 $2
17. Bxf6 gxf6 18. Qxc4 fxg5 19. hxg5 Kxh7 20. Rxh6+ Kg7 21. Qc3+ e5 22. Rdxd6 {
with a crushing attack, for example:} Rh8 23. Rd7 $1 Qxd7 24. Qxe5+ $18) (16...
Ned7 {was possible, but then it's not clear what the move 14...Ne5 was made
for.}) 17. Rh3 h5 $6 {Alexander wanted to secure the g4-outpost, but the move
slightly weakens the kingside and also White's knight is no longer under
attack.} ({After} 17... e5 $6 {Kramnik mentioned the following spectacular
line:} 18. Bf5 Bc8 19. Bxc8 Raxc8 20. Rg3 h5 $2 21. Rxg4 $1 hxg4 22. Rxd6 $1
Qxd6 23. Bxe5 Qe7 24. Bxf6 Qxe3+ 25. Kb1 Qe1+ 26. Ka2 Qxh4 27. Nxf7+ Rxf7 28.
Bxh4 $18 {Not a forced line, but it is a good illustration of White's
attacking possibilities.}) ({I suggest bringing the bishop into the defence by:
} 17... Rad8 18. Bd3 Bc8 $1 19. Rg3 (19. Rf1 e5 20. Be2 e4 21. f5 d5 22. cxd5
Rxd5 23. Bxg4 Nxg4 24. Qxe4 Qxe4 25. Nxe4 f6 {[%csl Rf5] Black will get back
the pawn and is, at least, not worse}) 19... e5 20. Be2 (20. f5 $6 d5 $15)
20... Nf2 $1 21. Rf1 hxg5 22. Rxf2 ({After} 22. hxg5 N6e4 {the knights are
covering both h1 and h3 squares.}) 22... g4 23. f5 Bb7 24. Bd3 d5 $15) 18. Rg3
Rae8 19. Bd3 {Now White is threatening 20.Be2; Black's linked knights are not
as stable as they look. Therefore, Black's next move is necessary.} e5 20. Be2
(20. Bf5 {with the same idea seems to be more precise, not allowing the reply
that followed in the game.}) 20... Nf2 (20... exf4 21. Bxg4 Ne4 $1 (21... fxg3
$2 22. Bxf6 Qxe3+ 23. Kb1 Be4 24. Nxe4 Qxe4 25. Qxe4 Rxe4 26. Bf3 Rxc4 27. Be7
Re8 28. Bxd6 Rxh4 29. Bxg3 {and the pair of bishops overcome the rook plus a
couple of pawns}) 22. exf4 (22. Be6 $6 fxg3 23. Qe2 Nxg5 24. Qxh5+ Nh7 25. Bf5
Qxe3+ 26. Rd2 Qg1+ 27. Rd1 Qe3+ $11) 22... hxg4 23. h5 f6 24. h6 Qd7 {The
engine doesn't show anything decisively disastrous here for Black, but the
position looks frightening.}) 21. Rf1 N2e4 22. fxe5 dxe5 (22... Nxg3 $2 {
falls to} 23. Rxf6 $1 $18 {[%cal Gc2h7]} ({But not} 23. exf6 $4 Qxe3+ 24. Kb1
g6 $19)) 23. Rxf6 $5 {It wasn't necessary to go "all in", but Kramnik felt
tempted to eliminate one of black's annoying knights.} (23. Rgf3 g6 (23... Nxg5
24. hxg5 Ne4 25. Rh3 g6 26. Bxh5 $1 Nxg5 27. Rh2 gxh5 28. Rxh5+ Kg8 29. Rfh1
Be4 30. Rxg5+ Qxg5 31. Qxe4 Qg7 32. b4 $1 $14) 24. Bd3 Nxg5 25. Rxf6 Nh7 26.
R6f2 Kg7 27. g3 $14) 23... Nxf6 24. Bxh5 Kg8 (24... Be4 $2 25. Nxe4 Nxh5 26.
Rg5 $1 $18 {[%csl Re5,Rh5]}) 25. Be2 Qd6 26. Rh3 Bxg2 {White has only one rook
left, so it's possible to grab this pawn now.} 27. Rg3 Bb7 28. h5 Re7 $1 (28...
e4 $2 29. Rg1 Qh2 30. Qd1 $1 $40) 29. Rg1 $1 {Moving the rook away to a safer
square. In some cases it can go to the d-file.} (29. h6 $2 g6 {and there is no
good attacking continuation.}) 29... e4 $2 {Closing the diagonal for White's
queen, but opening the diagonal for White's bishop.} (29... Rd8 $1 30. h6 (30.
Qf5 {is met by} Bc8) 30... g6 31. Nxf7 $1 Rxf7 32. Qxg6+ Kf8 33. Rd1 Qe7 34.
Rxd8+ Qxd8 35. Bxe5 Qe7 36. h7 Rxh7 37. Qxf6+ Qxf6 38. Bxf6 Be4 {and this
endgame should end in a draw.}) 30. h6 Qh2 (30... Rd8 31. Rd1 Qc7 32. hxg7 $18
{[%csl Gc3]}) {[%tqu "En","What should White do?","","","g5h3","It seems that
Morozevich overlooked this resource. Now white's attack is crushing.",10]} 31.
Nh3 $1 $18 {It seems that Morozevich overlooked this resource. Now White's
attack is crushing.} Qxh3 (31... Ne8 32. hxg7 Qxh3 33. gxf8=Q+ Kxf8 34. Qd2 $18
) (31... g6 32. Bxf6 Qxh3 {[%csl Re3][%cal Gh3e3]} 33. h7+ $1 Kxh7 34. Qd1 $18
{[%cal Gg1h1]}) 32. Rxg7+ Kh8 33. Bxf6 Qxh6 34. Rg6+ {Great game by Kramnik!}
1-0

[Event "Tata Steel-A 76th"]
[Site "Wijk aan Zee"]
[Date "2014.01.21"]
[Round "8"]
[White "Van Wely, Loek"]
[Black "Naiditsch, Arkadij"]
[Result "1-0"]
[WhiteElo "2672"]
[BlackElo "2718"]
[Annotator "Postny,E"]
[PlyCount "95"]
[EventDate "2014.01.11"]
[EventType "tourn"]
[EventRounds "11"]
[EventCountry "NED"]
[EventCategory "20"]
[SourceTitle "CBM 159"]
[Source "ChessBase"]
[SourceDate "2014.03.17"]
[SourceVersion "1"]
[SourceVersionDate "2014.03.17"]
[SourceQuality "1"]

1. d4 Nf6 2. c4 e6 3. Nf3 Bb4+ 4. Bd2 Bxd2+ 5. Qxd2 O-O 6. g3 {Van Wely is
heading for a Catalan type of position.} (6. Nc3 d5 7. e3 {is a different
story.}) 6... d5 7. Bg2 c6 8. O-O Nbd7 9. Qc3 {This is very rare. I think,
it's not the best square for the queen. It is far more common to put the queen
on c2, or to play 9.Rc1.} (9. Rc1 b6 10. Ne5 Bb7 11. cxd5 ({An instructive
blunder occurred just recently in Gibraltar:} 11. Nc3 Qe7 12. Qe3 Rac8 $6 (
12... Nxe5 13. dxe5 Nd7 $13) 13. cxd5 Nxd5 $2 (13... cxd5 14. Nb5 a6 15. Na7 $1
$14 {[%csl Yc6][%cal Ga7c6]}) (13... exd5 14. Bh3 $14) 14. Nxc6 $1 Bxc6 15.
Nxd5 Bxd5 16. Bxd5 $18 {1-0 (52) Ganguly,S (2619)-Maze,S (2536) Caleta 2014})
11... cxd5 12. Nc3 a6 13. Na4 Rc8 14. Qb4 a5 15. Qb5 Rc7 16. Nc6 Bxc6 17. Rxc6
Qb8 18. Rac1 Rfc8 19. e3 Qb7 20. Rxc7 Rxc7 $11 {1/2-1/2 (34) Cheparinov,I 
(2702)-Dominguez Perez,L (2723) Loo 2013}) (9. Qc2 b6 10. Nbd2 Bb7 11. b4 a5
12. a3 axb4 13. axb4 Qe7 14. c5 Ba6 15. Rfe1 Bb5 {+/=/= 1/2-1/2 (29) Gleizerov,
E (2567)-Tratar,M (2503) Trieste 2013}) 9... b6 10. Nbd2 $146 (10. cxd5 cxd5
11. Qa3 a5 12. Rc1 Ba6 13. e3 Qb8 14. Nbd2 Rc8 15. Qe7 Re8 16. Qa3 Rc8 17. Qe7
Re8 18. Qa3 {1/2-1/2 (18) Andreikin,D (2727)-Ibragimov,I (2567) Loo 2013})
10... Bb7 11. b4 a5 12. a3 axb4 13. axb4 c5 $11 14. bxc5 ({Black doesn't
experience any problems after} 14. dxc5 bxc5 15. b5 Qc7 {White's passed b-pawn
can be securely blocked on b6, while Black has a plan of pushing forward his
central pawns.}) 14... bxc5 15. dxc5 Nxc5 16. Qb4 Nfd7 17. Nd4 Rb8 18. Ra7 $2 {
This is an embarrassing blunder.} (18. cxd5 Bxd5 19. Qc3 Bxg2 20. Kxg2 Qf6 $11)
18... Ba6 {Attacking the queen and locking the rook in at the same time.} 19.
Qc3 Qb6 {White is forced to surrender an exchange.} 20. Rxa6 Qxa6 21. cxd5 exd5
22. Bxd5 {White has a pawn for an exchange, all the pawns are on the same side,
so he is not that much worse. But, of course, Black is the one who is playing
for a win. No one would dare to put money on a win for White here.} Qf6 23.
N2f3 Rfc8 24. Qd2 h6 (24... Nb6 25. Ba2 Ne4 26. Qd3 Nc3 27. Bb3 $15) 25. h4 Rb6
$6 {So far Naiditsch was doing fine but he starts a series of unsuccessful
rook manoeuvres.} (25... Na4 $15) 26. Rc1 Rcb8 27. Kg2 Rd6 $6 (27... Rb2 28.
Qa5 Qd6 29. Nf5 $1 Qf6 30. N5d4 $11) 28. e4 {Now the rook on d6 looks rather
silly.} Re8 29. Qc2 (29. e5 $2 {falls into} Rxe5 $1 30. Nxe5 Qxe5 31. Nc6 Rxd5
32. Ne7+ Qxe7 33. Qxd5 $15) 29... Rb6 30. e5 Qd8 $2 {Too passive. Naiditsch
probably didn't sense the danger, otherwise he would have manage to properly
calculate 30...Nxe5 and simplified the position.} (30... Nxe5 $1 31. Qxc5 Nd3
32. Qc8 (32. Bxf7+ Qxf7 33. Qxb6 Nxc1 $15) 32... Rb8 (32... Rxc8 $6 33. Rxc8+
Kh7 34. Be4+ g6 35. Bxd3 $14) 33. Qc4 Nxc1 34. Qxc1 $11) 31. Qf5 $6 {Now White
is on top, but the move chosen by Loek is, objectively, not the best.} (31. Nc6
Qc7 32. Qc4 Rf8 33. Ne7+ Kh8 34. Bxf7 Nxe5 35. Nxe5 Qxe5 36. Ng6+ Rxg6 37. Bxg6
Nd7 $16 {[%cal Gd7f6]}) 31... Qe7 $2 (31... Ne6 $1 {It was difficult to come
up with this move, as Black has to part with his queen.} 32. Nc6 Qc7 33. Ne7+ (
33. Bxe6 fxe6 34. Qh5 Kf8 $8 35. Ng5 $1 hxg5 36. Qf3+ Nf6 $1 37. exf6 g4 $1 38.
Qa3+ Kf7 39. Qa5 Rxc6 40. Qxc7+ Rxc7 41. Rxc7+ Kxf6 42. Rc4 g5 43. Rxg4 gxh4
44. Rxh4 {This endgame will end in a draw if Black plays it accurately.}) 33...
Rxe7 34. Rxc7 Nxc7 35. Be4 Nf8 {Black should hold this as well.}) 32. Nc6 Qf8
33. Nfd4 Rb2 34. Rc3 Rb7 35. h5 {White is fully dominating. In time trouble
Van Wely missed several forced wins, but kept the situation fairly well under
control.} Ra8 36. Rc2 Ra1 37. Re2 (37. Nd8 $1 Qxd8 38. Qxf7+ Kh8 39. Bxb7 Nxb7
40. Ne6 Qg8 41. Rc8 $18) 37... Nb6 38. Ba2 Qa8 39. Bb1 Rxb1 40. Qxb1 {Now
White has a pawn and compensation.} Nba4 41. Qf5 Kh8 42. Qf3 Rc7 43. Rc2 Qe8
44. Rc4 Qc8 45. Kh2 {This wasn't necessary, but from the human point of view
such prophylaxis is useful.} Rb7 46. Nf5 Rc7 47. Rb4 Qa6 48. Nfe7 {[%cal Gb4b8,
Gf3f7]} 1-0

[Event "Dortmund SuperGM 34th"]
[Site "Dortmund"]
[Date "2006.07.29"]
[Round "1"]
[White "Leko, Peter"]
[Black "Naiditsch, Arkadij"]
[Result "1-0"]
[WhiteElo "2738"]
[BlackElo "2664"]
[Annotator "Postny,E"]
[PlyCount "67"]
[EventDate "2006.07.29"]
[EventType "tourn"]
[EventRounds "7"]
[EventCountry "GER"]
[EventCategory "19"]
[SourceTitle "CBM 114"]
[Source "ChessBase"]
[SourceDate "2006.10.02"]
[SourceVersion "1"]
[SourceVersionDate "2006.10.02"]
[SourceQuality "1"]

1. d4 Nf6 2. c4 e6 3. g3 Bb4+ {Naiditsch avoids the main lines of Catalan
opening and prefers the Bogo-Indian defense.} 4. Bd2 c5 {This line is a rare
guest on top level.} ({A more common line goes as follows:} 4... Qe7 5. Bg2 Nc6
6. Nf3 Bxd2+ 7. Nbxd2 d6) 5. Bxb4 cxb4 {Black's pawn structure became inferior,
but the pawn on b4 restricts white's queenside knight.} 6. Bg2 O-O 7. Nf3 {
Now the game transposes to a regular Bogo-Indian line which usually arises
after 3.Nf3 Bb4 4.Bd2 c5 5.Bxb4 cxb4 6.g3 etc.} (7. e4 d6 8. Ne2 e5 9. Qd2 Qb6
10. a3 Nc6 11. axb4 Qxb4 12. d5 Qxd2+ 13. Kxd2 Nb4 14. Na3 Bd7 15. Nc3 a5 16.
f3 Rfc8 $11 {1-0 Aronian,L (2693)-Moiseenko,A (2665)/Warsaw 2005/CBM 108 (52)})
7... d6 8. O-O ({The alternative way of development is:} 8. Nbd2 Nc6 9. Nf1 Bd7
10. Ne3 {with a very slight advantage for White.}) 8... Nc6 9. d5 $5 {A
principled continuation. White is trying to damage black's pawn structure, and
at the same time kicking away the knight from c6. On the other hand, this move
weakens dark squares in the centre, which might be exploited by black's
knights and queen.} ({The main and logical alternatives are:} 9. a3) (9. Nbd2)
(9. Qd3) 9... exd5 (9... Ne7 $6 10. dxe6 fxe6 11. Qd3 {is worse for Black, due
to numerous pawn weaknesses.}) 10. cxd5 Ne7 11. Nh4 $5 $146 {I am not sure
that this is an improvement over the moves previously played, but the idea is
definitely interesting.} (11. Ne1 Bd7 12. Nc2 Qb6 13. Ne3 Nf5 14. Nxf5 Bxf5 15.
Nd2 Rac8 16. Nb3 Rfe8 17. Qd4 Qa6 $15 {1-0 Vladimirov,E (2550)-Anand,V (2525)/
Moscow 1989/TD (52)}) (11. Qd4 Nexd5 12. e4 Ne7 13. Qxb4 Nc6 14. Qa4 d5 15. e5
Ne4 16. Nc3 Nxc3 17. bxc3 Be6 $11 {0-1 Van der Sterren,P (2520)-Kortschnoj,V 
(2625)/Wijk aan Zee 1987/CBM 002 (46)}) 11... Qb6 {Occupying the important
diagonal a7-g1.} 12. e4 Bg4 13. Qb3 a5 (13... g5 $2 14. h3 Bd7 (14... gxh4 15.
hxg4 $16) 15. Nf5 Nxf5 16. exf5 Bxf5 17. Qf3 Bxb1 18. Qxf6 Bg6 19. Qxg5 $16)
14. h3 (14. Nd2 $6 Be2 $1 15. Rfe1 a4 16. Qc2 Rfc8 17. Qb1 {and white's queen
looks miserable on b1.}) 14... a4 {Useful intermediate move, moving the white
queen to a worse position.} 15. Qd3 Bd7 16. Re1 Rfc8 (16... Bb5 17. Qd2 {
[%csl Rb4]} Bc4 18. a3 $14) 17. Nf3 Ng6 $6 ({It was more to the point to
double the rooks on the "c" file:} 17... Rc7 18. Nbd2 Rac8 19. Qd4 Qa5 {
In this case the position would have been approximately balanced.}) 18. Nbd2 a3
(18... Ne5 19. Qd4 Qxd4 20. Nxd4 Nd3 21. Reb1 $14 {[%cal Gg2f1]}) 19. Rab1 Ba4
$2 {An unfortunate manoeuvre. Black loses vital tempoes, allowing White to
consolidate his forces.} ({A logical continuation would have been} 19... axb2
20. Rxb2 Qc5 (20... Ra3 $4 21. Qxa3 $18 {[%cal Gb2b6]}) 21. Qd4 Ra4 $132) (
19... Qc5 {was a worthy alternative as well.}) 20. Qd4 $16 {Exchanging black's
most active piece. Now White is clearly better.} Qxd4 21. Nxd4 Bc2 (21... Ne5
22. bxa3 Bc2 23. Ra1 $1 Rxa3 24. f4 Nd3 25. Re3 $16 {and black's pieces are
actually in danger of being lost.}) 22. Rbc1 Bd3 (22... Bxe4 23. Rxc8+ Rxc8 24.
Nxe4 axb2 25. Nxf6+ gxf6 26. Kf1 Rc1 27. Be4 $18) 23. Rxc8+ Rxc8 24. bxa3 bxa3
25. f4 {Black does not have any useful invasion along the "c" file, while
white's central pawns are moving forward with devastating force.} h5 26. Re3
Ba6 27. Kf2 $1 {Leko is playing precisely.} (27. Rxa3 $2 h4 $132 {[%csl Rf4,
Rg3]}) 27... h4 28. Bf3 {Covering the h5 square.} (28. Rxa3 $4 hxg3+ 29. Kxg3
Nh5+ $15) 28... Rc1 29. e5 {Everything is ready for the decisive breakthrow.}
dxe5 30. fxe5 Nd7 31. e6 fxe6 32. dxe6 Nde5 33. e7 Rc8 34. Bh5 {Black is not
able to avoid losing a piece.} 1-0